00425nam a2200157 a 450000100060000000300090000600800410001502000160005604000280007208200160010010000210011624500490013726000300018630000100021665000410022613103CO-ViMGA141112s2004 ck r 000 u spa d a84985137981 aCO-ViMGAbspacCO-ViMGA04a350.86 A5961 aAlzola, De Pablo10aHistoria de las Obras públicas en españa aMadrid : bTurner, c1979 a502p.14aESPAÑA - OBRAS PUBLICAS - HISTORIA